[Event "CAN-ch Post-Secondary"]
[White "Tuxanidy Torres, Aleksandr"]
[Black "Voloaca, Mihnea"]
[Site "Toronto"]
[Round "4"]
[Result "0-1"]
[Date "2010.01.17"]
[WhiteElo "2211"]
[BlackElo "2286"]
[PlyCount "84"]
[EventDate "2010.01.15"]
[EventType "team-tourn"]
[EventRounds "5"]
[EventCountry "CAN"]
[SourceTitle "EXT 2011"]
[Source "ChessBase"]
[SourceDate "2010.11.26"]
[SourceVersion "1"]
[SourceVersionDate "2010.11.26"]
[SourceQuality "1"]

1. e4 e5 2. Nf3 Nc6 3. Bb5 Nf6 4. 0-0 Nxe4 5. d4 Nd6 6. Bxc6 dxc6 7. dxe5 Nf5 8. Qxd8+ Kxd8 9. Nc3 h6 10. h3 Ke8 11. Bf4 Be6 12. g4 Ne7 13. Nd4 Nd5 14. Nce2 Nxf4 15. Nxf4 Bc4 16. Rfe1 Bc5 17. Nf5 g6 18. Ne3 Ba6 19. c3 b6 20. b4 Be7 21. Rad1 Rd8 22. Rxd8+ Kxd8 23. a4 h5 24. e6 Bd6 25. Neg2 Ke8 26. gxh5 g5 27. exf7+ Kxf7 28. Ne6 Kf6 29. f4 gxf4 30. Nexf4 Bc4 31. Kf2 c5 32. b5 Bb3 33. Re4 c4 34. Ne3 Bxa4 35. Nxc4 Bc5+ 36. Ne3 Bxb5 37. Nfd5+ Kf7 38. Nxc7 Bc6 39. Re5 a5 40. Kg3 a4 41. Rf5+ Ke7 42. Na6 Bb5 0-1

[Event "CAN-ch Post-Secondary"]
[White "Tuxanidy Torres, Aleksandr"]
[Black "Stevens, Christian"]
[Site "Toronto"]
[Round "2"]
[Result "0-1"]
[Date "2010.01.16"]
[WhiteElo "2211"]
[BlackElo "2398"]
[PlyCount "42"]
[EventDate "2010.01.15"]
[EventType "team-tourn"]
[EventRounds "5"]
[EventCountry "CAN"]
[SourceTitle "EXT 2011"]
[Source "ChessBase"]
[SourceDate "2010.11.26"]
[SourceVersion "1"]
[SourceVersionDate "2010.11.26"]
[SourceQuality "1"]

1. e4 c5 2. Nf3 e6 3. d4 cxd4 4. Nxd4 a6 5. c4 Nf6 6. Nc3 Qc7 7. a3 b6 8. Be3 Bb7 9. f3 Nc6 10. Be2 Ne5 11. Rc1 Ng6 12. Qd2 d6 13. b4 Be7 14. c5 dxc5 15. bxc5 bxc5 16. Na4 Rd8 17. Qc3 Bxe4 18. Nxc5 Nd5 19. Ncxe6 Qxc3+ 20. Rxc3 fxe6 21. Rb3 Nxe3 0-1

[Event "Ontario op"]
[White "Tuxanidy Torres, Aleksandr"]
[Black "Sapozhnikov, Roman"]
[Site "Ottawa"]
[Round "3"]
[Result "0-1"]
[Date "2009.05.17"]
[WhiteElo "2218"]
[BlackElo "2356"]
[PlyCount "50"]
[EventDate "2009.05.16"]
[EventType "swiss"]
[EventRounds "6"]
[EventCountry "CAN"]
[SourceTitle "EXT 2011"]
[Source "ChessBase"]
[SourceDate "2010.11.26"]
[SourceVersion "1"]
[SourceVersionDate "2010.11.26"]
[SourceQuality "1"]

1. e4 c5 2. Nf3 d6 3. d4 cxd4 4. Nxd4 Nf6 5. Nc3 Nc6 6. Bg5 e6 7. Qd2 a6 8. 0-0-0 Bd7 9. f4 b5 10. Nxc6 Bxc6 11. Qe1 Be7 12. e5 Nd5 13. Bxe7 Qxe7 14. Ne4 dxe5 15. fxe5 0-0 16. Kb1 Qb4 17. Qxb4 Nxb4 18. Nc3 Rfd8 19. Kc1 Rxd1+ 20. Kxd1 Rd8+ 21. Kc1 Nd5 22. Rg1 Ne3 23. Bd3 Nxg2 24. Ne4 Nf4 25. Re1 Rxd3 0-1

[Event "Gatineau Qualification CIQ"]
[White "Tuxanidy Torres, Aleksandr"]
[Black "Guimond, Michel"]
[Site "Gatineau"]
[Round "2"]
[Result "1/2-1/2"]
[Date "2009.03.17"]
[WhiteElo "2221"]
[BlackElo "1899"]
[PlyCount "99"]
[EventDate "2009.03.10"]
[EventType "swiss"]
[EventRounds "5"]
[EventCountry "CAN"]
[SourceTitle "EXT 2010"]
[Source "ChessBase"]
[SourceDate "2010.11.25"]
[SourceVersion "1"]
[SourceVersionDate "2010.11.25"]
[SourceQuality "1"]

1. e4 e6 2. d4 d5 3. Nd2 Nf6 4. e5 Nfd7 5. Bd3 c5 6. c3 Nc6 7. Ne2 Be7 8. Nf3 f5 9. h4 Nf8 10. dxc5 Bxc5 11. b4 Be7 12. b5 Na5 13. Bg5 Bxg5 14. hxg5 Qc7 15. Qd2 Bd7 16. a4 Nb3 17. Qb2 Nxa1 18. Qxa1 Ng6 19. c4 dxc4 20. Qc3 Rc8 21. Bc2 a6 22. bxa6 bxa6 23. Kf1 Bc6 24. Nh4 Nxh4 25. Rxh4 Bd5 26. Nf4 g6 27. Nxg6 Rg8 28. Nf4 Rxg5 29. f3 Qg7 30. Nh5 Rxh5 31. Rxh5 Qb7 32. Rg5 Rb8 33. Rg8+ Kf7 34. Rxb8 Qxb8 35. a5 Qb5 36. g4 fxg4 37. fxg4 Bc6 38. Qe3 Qd5 39. Qf4+ Ke8 40. Qf6 Qg2+ 41. Ke1 Qg1+ 42. Kd2 Qd4+ 43. Kc1 Qa1+ 44. Kd2 Qd4+ 45. Kc1 Qe3+ 46. Kb1 Qe1+ 47. Kb2 Qb4+ 48. Kc1 Qa3+ 49. Kb1 Qb4+ 50. Kc1 1/2-1/2